|
|
|
|
| LEADER |
00000nam a22000007a 4500 |
| 003 |
cru CIDCACS/IIS |
| 005 |
20240708082614.0 |
| 008 |
240708b1996 cau||||| |||| 00| 0 spa d |
| 020 |
|
|
|a 0-8330-2358-6
|
| 040 |
|
|
|a cru CIDCACS/IIS
|b spa
|c cru CIDCACS/IIS
|
| 090 |
|
|
|a 14.07.01 V531c
|
| 100 |
1 |
|
|a Vernez, Georges
|9 12235
|
| 245 |
1 |
|
|a The costs of immigration to taxpayers:
|b Analytical and policy issues /
|c Georges Vernez y Kevin F. McCarhty
|h [impreso]
|
| 260 |
|
|
|a California, Estados Unidos:
|b RAND,
|c 1996
|
| 300 |
|
|
|a 62 páginas
|
| 650 |
0 |
7 |
|0 TESAUROS
|2 TESAUROS
|
| 700 |
1 |
|
|a McCarthy, Kevin F.
|9 12236
|
| 942 |
|
|
|2 z
|c LI
|h <script>document.querySelector('[id^="tag_090_subfield_a"]').value</script>
|i 08201
|k 14.07.01
|m V531c
|6 SCRIPTDOCUMENTQUERYSELECTORIDTAG_090_SUBFIELD_AVALUESCRIPT_08201
|
| 999 |
|
|
|c 45880
|d 45880
|